| 000 | 00536nam a22002057a 4500 | ||
|---|---|---|---|
| 003 | Nust | ||
| 005 | 20220106101128.0 | ||
| 008 | 170131b xxu||||| |||| 00| 0 eng d | ||
| 020 | _a81-219-01626 | ||
| 038 | _aKhadija | ||
| 040 | _cc | ||
| 082 |
_a620.106 _bKHU |
||
| 100 |
_aKhurmi, R.S. _987342 |
||
| 245 |
_aA Textbook of Hydraulics, Fluid Mechanics and Hydraulic Mechanics / _cR.S. Khurmi |
||
| 260 |
_aNew Delhi : _bS Chand, _c2009. |
||
| 300 |
_a666 p. ; _c24 cm. |
||
| 500 | _aPaperback. | ||
| 563 | _aPB | ||
| 942 |
_cBK _2ddc |
||
| 999 |
_c32175 _d32175 |
||